La Casa de Marie Claire 16 : no. 20, octubre /

Guardado en:
Detalles Bibliográficos
Otros autores: Semprún, Ana Rosa (edición) (edición)
Formato: Libro
Idioma:Español
Publicado: Madrid, España : Grupo 16, 1988, c1988
Temas:
Etiquetas: Agrega una etiqueta
Sin etiquetas, Sé el primero en etiquetar este registro!

MARC

LEADER 00000nam^a2200000^a^4500
001 000402734
005 20250521000000.0
009 20260310121721.005
037 |a Acervo ITESO - Biblioteca 
041 |a ESP 
082 |a 747. 05  |b CAS 1988 V. 20 
240 1 4 |a [La Casa de Marie Claire 16] 
245 0 3 |a La Casa de Marie Claire 16 :  |b no. 20, octubre /  |c Ed. de A.R. Semprún. 
264 4 |a Madrid, España :  |b Grupo 16,  |c 1988, c1988 
300 |a 209 p. 
336 |a texto  |b txt  |2 rdacontenido 
337 |a sin mediación  |b n  |2 rdamedio 
338 |a volumen  |b nc  |2 rdasoporte 
649 |a XX 
650 |a Pintores Belgas 
650 |a Diseñadores de Interiores 
650 |a Color 
650 |a Chimeneas 
650 |a Alumbrado Arquitectónico y Decorativo 
650 |a Iluminación 
650 |a Vivienda Rural -  |z España 
650 |a Vivienda -  |z Galicia, España 
650 |a Decoración y Ornamentación -  |x Publicaciones Periódicas Españolas -  |x Tema Principal 
650 |a Diseño Industrial -  |x Historia -  |y Siglo XX 
650 |a Arquitectura -  |z España -  |x Difusión 
650 |a Arquitectura -  |y Siglo XX 
650 |a Arquitectura -  |x Historia y Crítica 
650 |a Arquitectura -  |x Publicaciones Periódicas Españolas 
650 |a Arte -  |z España -  |x Difusión 
650 |a Arte -  |x Historia y Crítica 
650 |a Publicaciones Periódicas Españolas 
650 |a Poncelet, Thierry de 
700 |a Semprún, Ana Rosa  |e (edición) 
910 |a Fondo General 
920 |a Impresos - Libros 
930 |a Reserva Especial 
905 |a 103 
901 |a 0500298093  |b IT1  |c REE  |i d76492  |u 20250521 
902 |a https://opac.biblio.iteso.mx/vufind/Record/000402734